Les 30 joueurs les + chers du Bayern - Statistiques

Statistiques générales
  • Ce quiz a été pris 206 fois
    34 depuis la dernière actualisation
  • Le résultat moyen est 24 sur 30
Statistiques - réponses
# Saison Provenance Poste Valeur du transfert Pays Joueur % Correct
8 21/22 RB Leipzig D 42 500 000 € Dayot Upamecano
100%
1 23/24 Tottenham Hotspur A 95 000 000 € Harry Kane
100%
5 24/25 Crystal Palace FC A 53 000 000 € Michael Olise
100%
10 17/18 Olympique Lyonnais M 41 500 000 € Corentin Tolisso
96%
7 20/21 Manchester City A 49 000 000 € Leroy Sané
96%
2 19/20 Atlético de Madrid D 80 000 000 € Lucas Hernández
96%
3 25/26 Liverpool FC A 70 000 000 € Luis Díaz
96%
4 22/23 Juventus D 67 000 000 € Matthijs de Ligt
96%
9 23/24 SSC Napoli D 42 000 000 € Min-jae Kim
96%
17 22/23 Liverpool FC A 32 000 000 € Sadio Mané
92%
24 09/10 Real Madrid CF A 25 000 000 € Arjen Robben
88%
12 15/16 Juventus M 39 250 000 € Arturo Vidal
88%
22 07/08 Olympique de Marseille A 30 000 000 € Franck Ribéry
88%
21 23/24 Galatasaray SK D 30 000 000 € Sacha Boey
88%
15 19/20 VfB Stuttgart D 35 000 000 € Benjamin Pavard
85%
19 11/12 FC Schalke 04 G 30 000 000 € Manuel Neuer
85%
6 24/25 Fulham FC M 51 000 000 € João Palhinha
81%
29 22/23 Stade Rennais FC A 20 000 000 € Mathys Tel
81%
20 15/16 FC Shakhtar Donetsk A 30 000 000 € Douglas Costa
77%
14 16/17 Borussia Dortmund D 35 000 000 € Mats Hummels
77%
27 17/18 Juventus A 21 000 000 € Kinsley Coman
73%
26 24/25 VfB Stuttgart D 23 500 000 € Hiroki Ito
69%
11 12/13 Athletic Club M 40 000 000 € Javi Martínez
65%
13 13/14 Borussia Dortmund M 37 000 000 € Mario Götze
65%
16 16/17 SL Benfica M 35 000 000 € Renato Sanches
65%
25 13/14 FC Barcelona M 25 000 000 € Thiago Alcántara
65%
23 14/15 AS Roma D 28 000 000 € Mehdi Benatia
58%
28 17/18 TSG Hoffenheim D 20 000 000 € Niklas Süle
58%
18 09/10 VfB Stuttgart A 30 000 000 € Mario Gómez
54%
30 03/04 RC Deportivo de La Coruña A 19 750 000 € Roy Makaay
27%
Aucun quiz correspondant
Distribution des résultats
% des personnes avec chaque résultat
Percentile par nombre de réponses
Votre historique - résultats
Vous n’avez pas pris ce quiz depuis la dernière actualisation